000 00618cam a2200205 a 4500
001 000012978
005 20240411201132.0
008 841003s1984 bl 001 0 por
035 _a(DLC) 84223068
040 _aDO-SdBNP
_cDLC
_dDLC
_dBNPHU
082 _a364.66
_bB831p
100 1 _aBreda, José,
_d1930-
_929924
245 1 0 _aPena de morte /
_cJosé Breda.
260 _aSao Paulo, (Brasil) :
_bPelo Autor :
_bLivraria Teixeira,
_c1984.
300 _a118 p. ;
_c21 cm.
650 4 _aPena de muerte
_929925
650 0 _aDerecho penal
_917405
910 _aCatalogación por copia / LC
999 _a1
_n0000243
_c12625
_d12625
049 _aBNGR